Números complejos
Guardat en:
| Autor principal: | |
|---|---|
| Format: | Llibre |
| Idioma: | espanyol |
| Publicat: |
Madrid, España
Alhambra
1971
|
| Col·lecció: | Matemáticas.
3 |
| Matèries: | |
| Etiquetes: |
Afegir etiqueta
Sense etiquetes, Sigues el primer a etiquetar aquest registre!
|
MARC
| LEADER | 00000nam a2200000 a 4500 | ||
|---|---|---|---|
| 001 | UCP3430 | ||
| 003 | CL-VaPUC | ||
| 005 | 20230712094022.0 | ||
| 008 | 990618e19710000SP |||||||||||||||||spa|d | ||
| 999 | |c 281750 |d 281748 | ||
| 040 | |c Pontificia Universidad Católica de Valparaíso | ||
| 082 | 0 | 4 | |a 512.72 BUD 1971 |2 21 |
| 100 | 0 | |a Budden, F. J |9 430686 | |
| 245 | 1 | 0 | |a Números complejos |
| 260 | 0 | 3 | |a Madrid, España |b Alhambra |c 1971 |
| 300 | |a 338 páginas | ||
| 490 | 0 | |a Matemáticas. |v 3 | |
| 583 | |a last modification |c 19990618 00:00:00 |k Rodrigo Vera | ||
| 650 | 0 | |a Números complejos |9 270335 | |
| 650 | 0 | |a Teoría de números |9 265327 | |
| 650 | 0 | |a Matemáticas aplicadas |9 342401 | |
| 942 | |c BK |2 ddc | ||
| 945 | |d 19990618 00:00:00 |a crobeson | ||
| 952 | |0 0 |1 0 |2 ddc |4 0 |6 512_720000000000000_BUD_1971 |7 0 |8 A |9 322727 |a BIBMAT |b BIBMAT |d 2019-11-20 |i 1351052 |o 512.72 BUD 1971 |p 1351052 |r 2025-01-07 |t 1 |w 2019-11-20 |y BK |k MAT | ||